00314nam a22001337a 4500003000400000008004100004020001800045082001600063100002200079245003000101250001200131260002800143300000900171OSt240326b |||||||| |||| 00| 0 eng d a9780198081937 a621.382 RAD aRAWAT,Tarun Kumar aDigital signal Processing a5th Rep aNew DelhibOxfordc2018 a1072